=LDR 00000nam 2200000 4500 =001 INLIS000000000035902 =005 20211103103146 =035 ##$$a 0010-061300000035902 =008 211103################g##########0#ind## =041 ##$$a Ind =082 ##$$a 352.01 =090 ##$$a 352.01, Mod t =100 ##$$a Modeong, Supardan =245 1#$$a Teori dan praktek : $b penyusunan peraturan perundang-undangan tingkat daerah, bahan perkuliahan pergutuan tinggi orientasi tugas dan fungsi DPRD /$c Supardan Modeong, S.H. =260 ##$$a Jakarta :$b Tintamas indonesia,$c 2001 =300 ##$$a xvi, 302 hlm : $b ilus. ; $c 22 x 15 cm. =650 #4$$a Peraturan Daerah - Filsafat dan Teori =850 ##$$a NBPNMAT =020 ##$$a 979-590-009-9 =084 ##$$a 352.01 MOD t =250 ##$$a cet. 1 =504 ##$$a Bibliografi : hlm. 301-302 =990 ##$$a 4411244112 =990 ##$$a 168.408/Hd-2002 =990 ##$$a 168.408/Hd-2002